| 000 | 00703 a2200181 4500 | ||
|---|---|---|---|
| 001 | 142481 | ||
| 040 | _cLeonardo Da Vinci | ||
| 041 | _aPortuguês | ||
| 082 | _av219 | ||
| 100 | _aEDUCACIONAL SHOP VIDEO | ||
| 245 | _aRespiração celular | ||
| 250 | _av.1-2 | ||
| 260 |
_bESV _aSão Paulo |
||
| 490 | _aTV Ontario | ||
| 520 | _aEste vídeo analisa as fontes de energia e mecanismo usado por seres vivos para se sustentarem. São analisadas as conecções entre os processos de respiração e nutrição celular | ||
| 697 |
_aBiologia _aRespiração celular _aSeres Vivos _aCélula _aEnergia _aGlicose 1 _aGlicose 2 _aO ciclo de Krebs _aFosforilação oxidativa _aMetabolismo e Nutrição |
||
| 942 | _cVM | ||
| 999 |
_c142481 _d142481 |
||